• AIU
  • Tony Wilmot Memorial Library

Gifted hands (Record no. 59673)

MARC details
000 -LEADER
fixed length control field 03674cgm a2200733Ia 4500
001 - CONTROL NUMBER
control field 420558209
003 - CONTROL NUMBER IDENTIFIER
control field OCoLC
005 - DATE AND TIME OF LATEST TRANSACTION
control field 20140723165439.0
007 - PHYSICAL DESCRIPTION FIXED FIELD--GENERAL INFORMATION
fixed length control field vd cvaizq
008 - FIXED-LENGTH DATA ELEMENTS--GENERAL INFORMATION
fixed length control field 090701s2009 xxu090 vleng d
020 ## - INTERNATIONAL STANDARD BOOK NUMBER
International Standard Book Number 1435974018
020 ## - INTERNATIONAL STANDARD BOOK NUMBER
International Standard Book Number 9781435974012
024 10 - OTHER STANDARD IDENTIFIER
Standard number or code 043396314528
028 42 - PUBLISHER NUMBER
Publisher number 31452
Source Sony Pictures Home Entertainment
033 01 - DATE/TIME AND PLACE OF AN EVENT
Formatted date/time 2009----
035 ## - SYSTEM CONTROL NUMBER
System control number (OCoLC)420558209
Canceled/invalid control number (OCoLC)535532668
-- (OCoLC)670823091
-- (OCoLC)731219333
037 ## - SOURCE OF ACQUISITION
Source of stock number/acquisition Midwest Tape
Note http://www.midwesttapes.com
040 ## - CATALOGING SOURCE
Original cataloging agency TEFMT
Language of cataloging eng
Transcribing agency TEFMT
Modifying agency TEF
-- TEFMT
-- GK8
-- UPZ
-- IGP
-- OCLCQ
-- IA6
-- VP@
-- JQW
-- IA6
-- TEF
-- TOH
-- OCLCA
-- OCLCQ
-- BDX
-- TXBXL
-- MOB
-- UtOrBLW
041 1# - LANGUAGE CODE
Language code of text/sound track or separate title eng
Language code of original and/or intermediate translations of text eng
043 ## - GEOGRAPHIC AREA CODE
Geographic area code n-us---
049 ## - LOCAL HOLDINGS (OCLC)
Holding library MOBF
050 #4 - LIBRARY OF CONGRESS CALL NUMBER
Classification number PN1992.77
Item number .G54 2009
082 04 - DEWEY DECIMAL CLASSIFICATION NUMBER
Classification number 791.45/72
Edition number 22
245 00 - TITLE STATEMENT
Title Gifted hands
Medium [videorecording] :
Remainder of title the Ben Carson story /
Statement of responsibility, etc Sony Pictures Television Inc., the Hatchery, the Thomas Carter Co., Magna Global Entertainment ; written by John Pielmeier ; directed by Thomas Carter ; produced by David A. Rosemont.
246 30 - VARYING FORM OF TITLE
Title proper/short title Ben Carson story.
260 ## - PUBLICATION, DISTRIBUTION, ETC. (IMPRINT)
Place of publication, distribution, etc [United States] :
Name of publisher, distributor, etc Sony Pictures Home Entertainment,
Date of publication, distribution, etc [2009]
300 ## - PHYSICAL DESCRIPTION
Extent 1 videodisc (ca. 90 min.) :
Other physical details sd., col. ;
Dimensions 4 3/4 in.
500 ## - GENERAL NOTE
General note Based on Dr. Ben Carson's autobiography.
500 ## - GENERAL NOTE
General note Special features: Behind the scenes; Triumph and inspiration: the journey of Dr. Ben Carson.
508 ## - CREATION/PRODUCTION CREDITS NOTE
Creation/production credits note Music composed by Martin Davich ; edited by Peter Berger ; production designer, Warren Alan Young ; director of photography, John Aronson ; costume designer, Karyn Wagner.
511 1# - PARTICIPANT OR PERFORMER NOTE
Participant or performer note Cuba Gooding, Jr., Kimberly Elise, Ron Coden, Aunjanue Ellis, Gus Hoffman, Jaishon Fisher.
518 ## - DATE/TIME AND PLACE OF AN EVENT NOTE
Date/time and place of an event note Originally produced for television broadcast on TNT in 2009.
520 ## - SUMMARY, ETC.
Summary, etc Follows the life of Dr. Benjamin S. Carson, who overcame problems in school and obstacles in life to become a world-renowned neurosurgeon. His lifelong journey led him to become director of pediatric neurosurgery at Johns Hopkins Children's Center, a bestselling author, and a recipient of the Presidential Medal of Freedom. Includes behind-the-scenes, and featurettes.
521 8# - TARGET AUDIENCE NOTE
Target audience note Not rated.
538 ## - SYSTEM DETAILS NOTE
System details note DVD, anamorphic widescreen (1.78:1) presentation.
546 ## - LANGUAGE NOTE
Language note In English with optional English and French subtitles; closed-captioned.
600 10 - SUBJECT ADDED ENTRY--PERSONAL NAME
Personal name Carson, Ben
Form subdivision Drama.
9 (RLIN) 29388
650 #0 - SUBJECT ADDED ENTRY--TOPICAL TERM
Topical term or geographic name as entry element Neurosurgeons
Geographic subdivision United States
Form subdivision Drama.
9 (RLIN) 29389
650 #0 - SUBJECT ADDED ENTRY--TOPICAL TERM
Topical term or geographic name as entry element African American surgeons
Form subdivision Drama.
9 (RLIN) 29390
650 #0 - SUBJECT ADDED ENTRY--TOPICAL TERM
Topical term or geographic name as entry element Documentary television programs.
9 (RLIN) 29391
655 #7 - INDEX TERM--GENRE/FORM
Genre/form data or focus term Biographical television programs.
Source of term lcgft.
-- 20951
655 #7 - INDEX TERM--GENRE/FORM
Genre/form data or focus term Fiction films.
Source of term lcgft.
-- 25783
655 #7 - INDEX TERM--GENRE/FORM
Genre/form data or focus term Video recordings for the hearing impaired.
Source of term lcgft.
-- 20953
655 #7 - INDEX TERM--GENRE/FORM
Genre/form data or focus term Television adaptations.
Source of term lcgft.
-- 29392
655 #7 - INDEX TERM--GENRE/FORM
Genre/form data or focus term Fiction films.
Source of term lcgft.
-- 25783
655 #7 - INDEX TERM--GENRE/FORM
Genre/form data or focus term Television adaptations.
-- 29393
700 1# - ADDED ENTRY--PERSONAL NAME
Personal name Gooding, Cuba,
Dates associated with a name 1968-
9 (RLIN) 29394
700 1# - ADDED ENTRY--PERSONAL NAME
Personal name Elise, Kimberly,
Dates associated with a name 1971-
9 (RLIN) 29395
700 1# - ADDED ENTRY--PERSONAL NAME
Personal name Coden, Ron.
9 (RLIN) 29396
700 1# - ADDED ENTRY--PERSONAL NAME
Personal name Ellis, Aunjanue.
9 (RLIN) 29397
700 1# - ADDED ENTRY--PERSONAL NAME
Personal name Hoffman, Gus.
9 (RLIN) 29398
700 1# - ADDED ENTRY--PERSONAL NAME
Personal name Fisher, Jaishon.
9 (RLIN) 29399
700 1# - ADDED ENTRY--PERSONAL NAME
Personal name Pielmeier, John.
9 (RLIN) 29400
700 1# - ADDED ENTRY--PERSONAL NAME
Personal name Carter, Thomas,
Dates associated with a name 1953-
9 (RLIN) 29401
700 1# - ADDED ENTRY--PERSONAL NAME
Personal name Carson, Ben.
Title of a work Gifted hands.
9 (RLIN) 29402
710 2# - ADDED ENTRY--CORPORATE NAME
Corporate name or jurisdiction name as entry element Sony Pictures Television.
9 (RLIN) 29403
710 2# - ADDED ENTRY--CORPORATE NAME
Corporate name or jurisdiction name as entry element Hatchery (Firm)
9 (RLIN) 29404
710 2# - ADDED ENTRY--CORPORATE NAME
Corporate name or jurisdiction name as entry element Thomas Carter Co. (Firm)
9 (RLIN) 29405
710 2# - ADDED ENTRY--CORPORATE NAME
Corporate name or jurisdiction name as entry element Magna Global Entertainment (Firm)
9 (RLIN) 29406
710 2# - ADDED ENTRY--CORPORATE NAME
Corporate name or jurisdiction name as entry element Turner Network Television.
9 (RLIN) 29407
710 2# - ADDED ENTRY--CORPORATE NAME
Corporate name or jurisdiction name as entry element Sony Pictures Home Entertainment (Firm)
9 (RLIN) 29408
856 4# - ELECTRONIC LOCATION AND ACCESS
Materials specified View cover art
Uniform Resource Identifier <a href="http://midwesttapes.com/images/movies/col31452d.gif">http://midwesttapes.com/images/movies/col31452d.gif</a>
942 ## - ADDED ENTRY ELEMENTS (KOHA)
Source of classification or shelving scheme Library of Congress Classification
Item type Digital Video Disc
Holdings
Withdrawn status Lost status Source of classification or shelving scheme Damaged status Not for loan Collection code Home library Current library Shelving location Date acquired Source of acquisition Cost, normal purchase price Total Checkouts Full call number Barcode Date last seen Copy number Price effective from Koha item type
    Library of Congress Classification       AIU/NEGST - Tony Wilmot Memorial Library AIU/NEGST - Tony Wilmot Memorial Library CD & DVD Cabinet 07/23/2014 Donation 20.00   PN 1992.77.G54 2009 DVD R017533232 08/12/2014 1 07/23/2014 Digital Video Disc